000 00730nam a2200289Ia 4500
005 20260324121313.0
008 008 260324s9999 xx 000 0 eng d
020 _a9781315611839
037 _aEBOOK
040 _aCRL
040 _beng
040 _cCRL
041 _2eng
041 _aeng
084 _qCRL
100 _aPatrick Fuliang Shan
_91161992
245 0 _aTaming China's Wilderness
245 0 _bImmigration, Settlement and the Shaping of the Heilongjiang Frontier, 1900-1931
260 _bTaylor and Francis
260 _c2014
365 _a
365 _b255
856 _uhttp://www.taylorfrancis.com/books/9781315611839
942 _cEBOOK
999 _c1754011
_d1754011